000 00848nam a2200229Ii 4500
003 JO-AjNU
008 230605s9999||||xx |||||||||||||| ||und||
017 _a1986/2639
020 _a977-1450-01-8
040 _aJO-AjNU
_bara
_erda
_cJO-AjNU
041 _aara
050 1 4 _aPJ7750.S5.Z68 1986
100 3 _aتأليف الحلو،عبد الفتاح محمد,
_eauthor
_919017
245 0 0 _aالشريف الرضي: حياته ودراسة شعره، القسم الأول
250 _aط1
264 3 1 _aالجيزة:هجر للطباعة والنشر والتوزيع والإعلان،1986
300 _aالقسم الاول، 395ص
336 _atext
_btxt
_2rdacontent
337 _aunmediated
_bn
_2rdamedia
338 _avolume
_bnc
_2rdacarrier
650 4 _a الشعراء العرب - العصر العباسي - تراجم
_919018
999 _aA6190
_c9758
_d9758